| 000 | 00626nam a22002777a 4500 | ||
|---|---|---|---|
| 003 | OSt | ||
| 005 | 20140310182935.0 | ||
| 008 | 130201t xxu||||| |||| 00| 0 eng d | ||
| 020 | _a9715131735 | ||
| 050 |
_aR 724 _b.Et84 2003 |
||
| 245 | _aEthical issues in health care. / | ||
| 260 |
_aManila : _bEducational Publishing House, _c2003. |
||
| 300 |
_a265 p. : _c23 cm. |
||
| 521 | _aNUR | ||
| 562 | _e9 | ||
| 942 |
_2lcc _cBK _kLOC |
||
| 999 |
_c17596 _d17596 |
||